000 00384nam a22001577a 4500
005 20180412104752.0
008 160622b xxu||||| |||| 00| 0 eng d
020 _a978-81-7194-503-0
041 _aeng
082 _b8976
_a343.04
100 _aSinghania, Dr. Vinod K
_94266
245 _aDirect Taxes Law and Practice
260 _bTaxmann
650 _aManagement
_9241
942 _cBK
999 _c3520
_d3519